01177 2200361 4500001002100000005001500021035002000036007000300056008004100059020002200100040002200122082001500144084001700159090002200176100002700198245013400225250003400359300005200393650001900445700003800464700002700502700003300529700002800562700003500590850001200625504002800637264003200665336002100697337003000718338002300748999002200771990002200793INLIS00000000086900720220322105732 a0010-0322000673ta220322s2021 yoia g ind d a978-623-02-3315-9 aYOPDYOGbinderda04223a371.36 a371.36 BAY p aCB-D.11 2021-24830 aBayumid1970-epenulis10aPenerapan model pembelajaran berdiferensiasi /cpenulis, Bayumi, Efriyeni Chaniago, Fauzie, Gustap Elias, Hapizoh, Zainudin Ahmad aCetakan pertama, Agustus 2021 ax, 107 halaman :bbagan, tabel, gambar ;c20 cm 4aMetode belajar0 aEfriyeni Chaniagod1977-epenulis0 aFauzied1987-epenulis0 aGustap Eliasd1990-epenulis0 aHapizohd1972-epenulis0 aAhmad Zainudind1995-epenulis aYOPDYOG aBibliografi halaman 10231aSleman :bDeepublish,c2021 2rdacontentateks 2rdamediaatanpa perantara 2rdacarrieravolume aCB-D.11/2021-2483 aCB-D.11/2021-2483